[Event "Druga liga Srbije - Vojvodina 2008"]
[Site "Sombor"]
[Date "2008.10.06"]
[Round "9"]
[White "Kosic, Dragan"]
[Black "Bodiroga, Predrag"]
[Result "1/2-1/2"]
[WhiteElo "2511"]
[BlackElo "2435"]
[PlyCount "38"]
[EventDate "2008.??.??"]
[Source "Perpetual Check"]

1. d4 d5 2. c4 dxc4 3. Nf3 Nf6 4. e3 e6 5. Bxc4 c5 6. Qe2 cxd4 7. exd4 Nc6 8.
O-O Be7 9. Rd1 O-O 10. Nc3 a6 11. Bb3 Na5 12. Bc2 b5 13. Ne4 Bb7 14. Neg5 Qd5
15. Nh3 Qh5 16. Nf4 Bxf3 17. Qxf3 Qh4 18. Nh3 Qh5 19. Nf4 Qh4 1/2-1/2

[Event "Druga liga Srbije - Vojvodina 2008"]
[Site "Sombor"]
[Date "2008.10.06"]
[Round "9"]
[White "Somborski, Nebojsa"]
[Black "Zlatic, Mihajlo"]
[Result "1/2-1/2"]
[WhiteElo "2379"]
[BlackElo "2471"]
[PlyCount "34"]
[EventDate "2008.??.??"]
[Source "Perpetual Check"]

1. e4 c5 2. Nf3 d6 3. Bb5+ Nd7 4. d4 cxd4 5. Qxd4 e5 6. Qd3 h6 7. O-O Ngf6 8.
c4 Be7 9. Nc3 O-O 10. Bxd7 Bxd7 11. Re1 Rc8 12. b3 a6 13. a4 Qb6 14. Be3 Qc7
15. c5 Be6 16. Nd2 Qb8 17. Nf1 Nd7 1/2-1/2

[Event "Druga liga Srbije - Vojvodina 2008"]
[Site "Sombor"]
[Date "2008.10.06"]
[Round "9"]
[White "Kizov, Atanas"]
[Black "Lalic, Dragan"]
[Result "0-1"]
[WhiteElo "2439"]
[BlackElo "2367"]
[PlyCount "172"]
[EventDate "2008.??.??"]
[Source "Perpetual Check"]

1. d4 d6 2. Nf3 g6 3. e4 Nf6 4. Nc3 Bg7 5. h3 O-O 6. Be3 c6 7. Bd3 Qc7 8. O-O
Nbd7 9. Qd2 Re8 10. Bh6 Bh8 11. Qg5 e5 12. dxe5 dxe5 13. Qh4 Nc5 14. Ng5 Nxd3
15. cxd3 Be6 16. Rad1 Rad8 17. Kh1 Rd7 18. g4 Qb6 19. Rd2 Bc4 20. Rfd1 Red8 21.
Nf3 Rxd3 22. Nxe5 Rxd2 23. Rxd2 Rxd2 24. Bxd2 Bxa2 25. Bg5 Ne8 26. Be3 Qc7 27.
Nf3 Bxc3 28. bxc3 f6 29. g5 fxg5 30. Nxg5 b5 31. f4 Nf6 32. Qf2 Bc4 33. Bxa7 h6
34. Nf3 Nxe4 35. Qe3 Bd5 36. Bd4 g5 37. Be5 Qf7 38. Kh2 Kh7 39. Nd2 gxf4 40.
Bxf4 Nxc3 41. Bxh6 Qg6 42. Bg5 Nd1 43. Qf4 Qd3 44. Qh4+ Kg8 45. Qe1 Qf5 46. h4
Nf2 47. Qe8+ Kg7 48. Qe7+ Kg6 49. Qe8+ Qf7 50. Qxf7+ Kxf7 51. Kg3 Nd3 52. h5 c5
53. Nf1 c4 54. Ne3 Be4 55. Nc2 b4 56. Nxb4 Nxb4 57. Kf4 Bh7 58. Ke3 c3 59. Kd4
Na2 60. Bc1 Nxc1 61. Kxc3 Ke6 62. Kd4 Nd3 63. h6 Kd6 64. Kc4 Ke5 65. Kc3 Kd5
66. Kd2 Kd4 67. Ke2 Ne5 68. Kd2 Ng4 69. Ke2 Bg6 70. Kf3 Nxh6 71. Kf4 Nf7 72.
Kf3 Ng5+ 73. Kf4 Ne6+ 74. Kf3 Bh5+ 75. Kg3 Ke3 76. Kh4 Bf3 77. Kg3 Nd4 78. Kh4
Kf4 79. Kh3 Bg4+ 80. Kg2 Nf5 81. Kf2 Ke4 82. Kg2 Ke3 83. Kh2 Kf2 84. Kh1 Ne3
85. Kh2 Nf1+ 86. Kh1 Bf3# 0-1

[Event "Druga liga Srbije - Vojvodina 2008"]
[Site "Sombor"]
[Date "2008.10.06"]
[Round "9"]
[White "Perisic, Radivoj"]
[Black "Dragojlovic, Andjelko"]
[Result "0-1"]
[WhiteElo "2318"]
[BlackElo "2393"]
[PlyCount "86"]
[EventDate "2008.??.??"]
[Source "Perpetual Check"]

1. e4 c5 2. Nf3 g6 3. d4 cxd4 4. Nxd4 Nc6 5. Nc3 Bg7 6. Be3 Nf6 7. f3 O-O 8.
Qd2 d5 9. Nxc6 bxc6 10. e5 Nd7 11. f4 e6 12. Na4 Nxe5 13. Bd4 Ng4 14. Bxg7 Kxg7
15. O-O-O a5 16. Be2 Nf6 17. Qd4 Kg8 18. h4 Rb8 19. a3 Ne4 20. Bd3 Qf6 21. Qe3
e5 22. Bxe4 dxe4 23. Qxe4 exf4 24. Rdf1 Qe6 25. Qxf4 Ba6 26. Rd1 Qa2 27. Rh3
Bb5 28. Rb3 Rbd8 29. Rxd8 Qa1+ 30. Kd2 Rxd8+ 31. Rd3 Bxd3 32. cxd3 Qg1 33. Qf3
Qd4 34. Nc3 c5 35. Kc2 Qxh4 36. Ne4 Qe7 37. g4 h6 38. Qf4 Rd4 39. Qb8+ Kg7 40.
Nc3 Rxg4 41. Qa8 a4 42. Nxa4 Qe2+ 43. Kc3 c4 0-1

[Event "Druga liga Srbije - Vojvodina 2008"]
[Site "Sombor"]
[Date "2008.10.06"]
[Round "9"]
[White "Grujic, Zoran"]
[Black "Vukic, Radivoj"]
[Result "1/2-1/2"]
[WhiteElo "2335"]
[BlackElo "2333"]
[PlyCount "128"]
[EventDate "2008.??.??"]
[Source "Perpetual Check"]

1. c4 c6 2. e4 e5 3. Nf3 d6 4. d4 Nd7 5. Nc3 Ngf6 6. Be2 g6 7. O-O Bg7 8. Qc2
O-O 9. Rd1 Re8 10. d5 c5 11. Rb1 Nh5 12. g3 Nf8 13. Ne1 Bh3 14. Ng2 Bf6 15. b4
cxb4 16. Rxb4 b6 17. Nb5 Ng7 18. Rb3 Be7 19. Ne1 Bd7 20. Nc3 f5 21. f3 Bg5 22.
Nd3 Bxc1 23. Qxc1 fxe4 24. fxe4 Rc8 25. Nb4 Rc5 26. Qe3 Qc8 27. Nb5 Bxb5 28.
cxb5 Rc7 29. Nc6 Qd7 30. Qg5 Ra8 31. Rf1 a6 32. Bg4 Qe8 33. Qf6 Rf7 34. Qxd6
Rxf1+ 35. Kxf1 axb5 36. a3 h5 37. Be2 Ra4 38. Ne7+ Kh7 39. Bxb5 Qf7+ 40. Kg2
Rxe4 41. Rf3 Nf5 42. Nxf5 gxf5 43. Bd3 Rd4 44. Bxf5+ Kg7 45. Qxe5+ Qf6 46.
Qxf6+ Kxf6 47. Be6+ Ke7 48. Rf7+ Ke8 49. Rb7 Rd3 50. Rxb6 Rxa3 51. Kh3 Ra2 52.
Bf5 Rd2 53. d6 Rd5 54. Be4 Rd4 55. Bf5 Rd5 56. g4 hxg4+ 57. Kxg4 Nd7 58. Rc6
Nf6+ 59. Kg5 Ne4+ 60. Kg6 Rxd6+ 61. Rxd6 Nxd6 62. Be6 Ke7 63. Bd5 Kf8 64. h4
Nf5 1/2-1/2

[Event "Druga liga Srbije - Vojvodina 2008"]
[Site "Sombor"]
[Date "2008.10.06"]
[Round "9"]
[White "Strbac, Mladen"]
[Black "Bulajic, Ratko"]
[Result "0-1"]
[WhiteElo "2300"]
[BlackElo "2346"]
[PlyCount "73"]
[EventDate "2008.??.??"]
[Source "Perpetual Check"]

1. e4 c5 2. Nf3 d6 3. d4 cxd4 4. Nxd4 Nf6 5. Nc3 a6 6. g3 e5 7. Nde2 b5 8. Bg2
b4 9. Nd5 Nxd5 10. Qxd5 Ra7 11. Be3 Be6 12. Qd3 Rd7 13. c4 Qc8 14. b3 g6 15.
O-O Bg7 16. Qd2 Nc6 17. Bh6 O-O 18. Bxg7 Kxg7 19. Rad1 a5 20. Qe3 Ne7 21. Qb6
Rfd8 22. Qe3 Qc5 23. Rd3 Qxe3 24. Rxe3 Nc6 25. Rd3 Nb8 26. Rd2 Na6 27. Nc1 Nc5
28. f4 f6 29. f5 Bf7 30. Rfd1 a4 31. Nd3 axb3 32. Nxb4 Rb8 33. Nd5 Bxd5 34.
cxd5 b2 35. Rb1 Na4 36. Bf1 Rc7 37. Rf2 0-1

[Event "Druga liga Srbije - Vojvodina 2008"]
[Site "Sombor"]
[Date "2008.10.06"]
[Round "9"]
[White "Saric, Sinisa"]
[Black "Velickovic, Sasa"]
[Result "1/2-1/2"]
[WhiteElo "2414"]
[BlackElo "2410"]
[PlyCount "81"]
[EventDate "2008.??.??"]
[Source "Perpetual Check"]

1. d4 Nf6 2. c4 c5 3. d5 g6 4. Nc3 d6 5. e4 Bg7 6. h3 O-O 7. Nf3 Na6 8. Bf4 Re8
9. Be2 Qb6 10. Rb1 e6 11. O-O exd5 12. exd5 Ne4 13. Nxe4 Rxe4 14. Bg3 Re7 15.
Bh4 Re8 16. a3 Bf5 17. Bd3 Bxd3 18. Qxd3 Nb8 19. b4 cxb4 20. axb4 Nd7 21. Bg5
Qc7 22. Rfc1 a5 23. Nd4 axb4 24. Nb5 Qb6 25. Rxb4 Ra2 26. Be3 Nc5 27. Qd1 Qd8
28. Rc2 Ra1 29. Rb1 Rxb1 30. Qxb1 Ne4 31. Ra2 Bf6 32. Qd3 Bg5 33. Bd4 Bf6 34.
Re2 Bxd4 35. Qxd4 f5 36. f3 Ng3 37. Rxe8+ Qxe8 38. Kf2 Nh1+ 39. Kf1 Ng3+ 40.
Kf2 Nh1+ 41. Kf1 1/2-1/2

[Event "Druga liga Srbije - Vojvodina 2008"]
[Site "Sombor"]
[Date "2008.10.06"]
[Round "9"]
[White "Radlovacki, Jovan"]
[Black "Rogac, Srdjan"]
[Result "1/2-1/2"]
[WhiteElo "2390"]
[BlackElo "2303"]
[PlyCount "100"]
[EventDate "2008.??.??"]
[Source "Perpetual Check"]

1. e4 c5 2. Nf3 Nc6 3. c3 d5 4. exd5 Qxd5 5. d4 Bg4 6. Be2 cxd4 7. cxd4 e6 8.
Nc3 Qa5 9. O-O Nf6 10. Be3 Be7 11. a3 O-O 12. b4 Qd8 13. h3 Bh5 14. Qb3 Nd5 15.
Nxd5 exd5 16. g4 Bg6 17. Ne5 Qd6 18. Nxg6 hxg6 19. Bf3 Rfd8 20. Qd3 Qd7 21. Kg2
a5 22. b5 Na7 23. Rab1 Nc8 24. b6 Qd6 25. Rb5 Qxa3 26. Qxa3 Bxa3 27. Ra1 Nd6
28. Rxd5 Bb4 29. Bg5 f6 30. Bf4 Ra6 31. Bxd6 Rxd6 32. Rxd6 Bxd6 33. Bxb7 Rxb6
34. Bd5+ Kh7 35. Rxa5 Rb4 36. Be4 Rxd4 37. Rh5+ Kg8 38. Bxg6 Be5 39. Kf3 Rb4
40. Rf5 Kf8 41. Ke2 Re4+ 42. Kf3 Rb4 43. Kg2 Rf4 44. Rh5 Kg8 45. Bc2 g5 46. Bf5
Rb4 47. Rh7 Rb2 48. Rd7 Kf8 49. Bg6 Rb4 50. Bf5 Rd4 1/2-1/2

[Event "Druga liga Srbije - Vojvodina 2008"]
[Site "Sombor"]
[Date "2008.10.06"]
[Round "9"]
[White "Kostic, Vladimir V"]
[Black "Savanovic, Vuk"]
[Result "1-0"]
[WhiteElo "2289"]
[BlackElo "2225"]
[PlyCount "65"]
[EventDate "2008.??.??"]
[Source "Perpetual Check"]

1. c4 Nf6 2. g3 g6 3. Bg2 Bg7 4. Nc3 O-O 5. d4 d6 6. Nf3 c6 7. O-O Nbd7 8. e4
e5 9. h3 Re8 10. Be3 exd4 11. Nxd4 Nc5 12. Qc2 a5 13. Rad1 Qe7 14. Rfe1 Be6 15.
b3 Rad8 16. f4 Bc8 17. Bf2 Qc7 18. a3 b6 19. Nxc6 Qxc6 20. e5 Nfe4 21. Nxe4
Nxe4 22. Qxe4 Qxe4 23. Bxe4 dxe5 24. Rxd8 Rxd8 25. Bxb6 Re8 26. Bg2 Be6 27.
Bxa5 exf4 28. gxf4 Rb8 29. Bb4 Rd8 30. Bc5 Rd3 31. Re3 Rd1+ 32. Kh2 Bh6 33. Rf3
1-0

[Event "Druga liga Srbije - Vojvodina 2008"]
[Site "Sombor"]
[Date "2008.10.06"]
[Round "9"]
[White "Medar, Zeljko"]
[Black "Kostic, Branimir"]
[Result "0-1"]
[WhiteElo "2184"]
[BlackElo "2289"]
[PlyCount "56"]
[EventDate "2008.??.??"]
[Source "Perpetual Check"]

1. d4 Nf6 2. Nf3 e6 3. e3 b6 4. Bd3 Bb7 5. Nbd2 d5 6. Ne5 Bd6 7. f4 Ne4 8. O-O
O-O 9. Qh5 f5 10. Ndf3 Nd7 11. Bxe4 Nf6 12. Qh4 Nxe4 13. Qxd8 Rfxd8 14. Bd2
Bxe5 15. dxe5 c5 16. Rad1 Rd7 17. Bc1 Rad8 18. c3 Ba6 19. Rfe1 Bc4 20. b3 Nxc3
21. bxc4 Nxd1 22. Rxd1 dxc4 23. Rxd7 Rxd7 24. Kf2 Rd1 25. Bd2 h6 26. Bc3 Rc1
27. Bd2 Rc2 28. Ke1 c3 0-1

[Event "Druga liga Srbije - Vojvodina 2008"]
[Site "Sombor"]
[Date "2008.10.06"]
[Round "9"]
[White "Jovanovic, Milos"]
[Black "Dimitrijevic, Nenad"]
[Result "1-0"]
[WhiteElo "2257"]
[BlackElo "2151"]
[PlyCount "117"]
[EventDate "2008.??.??"]
[Source "Perpetual Check"]

1. e4 c5 2. Nf3 e6 3. d4 cxd4 4. c3 d3 5. Bxd3 d6 6. O-O Nf6 7. c4 Be7 8. Nc3
a6 9. b3 Nbd7 10. Bb2 O-O 11. Qd2 Qc7 12. Rac1 b6 13. Bb1 Bb7 14. Rfd1 Rad8 15.
Qf4 Ne5 16. h3 Ng6 17. Qe3 Rfe8 18. Na4 Nd7 19. Bd4 Nc5 20. Nc3 e5 21. Bxc5
dxc5 22. Nd5 Bxd5 23. exd5 Bd6 24. Qe4 Rf8 25. Nh4 Qe7 26. Nf5 Qg5 27. Re1 Rfe8
28. Rc3 Qf4 29. Rg3 Qxe4 30. Rxe4 Bf8 31. Reg4 Kh8 32. Kf1 h5 33. Rg5 e4 34.
Rxh5+ Kg8 35. Rg4 b5 36. Bxe4 bxc4 37. bxc4 Rb8 38. g3 Rb2 39. d6 Rxa2 40. Rxg6
Rxe4 41. Rg4 Rxg4 42. hxg4 f6 43. Ke1 Kf7 44. d7 Ra1+ 45. Ke2 Ra2+ 46. Ke3 Ra3+
47. Ke4 Be7 48. Rh8 Ke6 49. d8=Q Bxd8 50. Rxd8 g6 51. Rd6+ Kf7 52. Ne3 Ra2 53.
f4 a5 54. Rc6 a4 55. Rxc5 a3 56. Ra5 Ra1 57. Nc2 Rc1 58. Ra7+ Ke6 59. Nxa3 1-0

[Event "Druga liga Srbije - Vojvodina 2008"]
[Site "Sombor"]
[Date "2008.10.06"]
[Round "9"]
[White "Miljanic, Boro"]
[Black "Markovic, Milovan"]
[Result "1-0"]
[WhiteElo "2404"]
[BlackElo "2254"]
[PlyCount "59"]
[EventDate "2008.??.??"]
[Source "Perpetual Check"]

1. e4 c5 2. Nf3 Nc6 3. Bb5 Qc7 4. O-O e5 5. c3 a6 6. Bxc6 bxc6 7. d4 cxd4 8.
cxd4 d6 9. dxe5 dxe5 10. Qa4 Nf6 11. Nxe5 Bb7 12. Nc4 Ng4 13. g3 Bc5 14. Bf4
Qe7 15. b4 Bxf2+ 16. Rxf2 Nxf2 17. Nd6+ Kf8 18. Kxf2 h5 19. Nd2 Kg8 20. Qa5 h4
21. Qe5 hxg3+ 22. Bxg3 Qd8 23. N2c4 Bc8 24. Nxc8 Rxc8 25. Nd6 Ra8 26. Rd1 Qd7
27. Nf5 Qa7+ 28. Kg2 Rh7 29. Qe7 Rh8 30. Rd8+ 1-0

[Event "Druga liga Srbije - Vojvodina 2008"]
[Site "Sombor"]
[Date "2008.10.06"]
[Round "9"]
[White "Popovic, Milos T"]
[Black "Tomic, Bosko"]
[Result "1/2-1/2"]
[WhiteElo "2403"]
[BlackElo "2405"]
[PlyCount "36"]
[EventDate "2008.??.??"]
[Source "Perpetual Check"]

1. d4 Nf6 2. Nf3 g6 3. c4 Bg7 4. Nc3 O-O 5. e4 d6 6. h3 c5 7. d5 e6 8. Bd3 Na6
9. O-O Nc7 10. Be3 exd5 11. exd5 b5 12. b3 b4 13. Ne2 Nh5 14. Rb1 f5 15. Qd2
Re8 16. Bg5 Bf6 17. Be3 Bg7 18. Bg5 Bf6 1/2-1/2

[Event "Druga liga Srbije - Vojvodina 2008"]
[Site "Sombor"]
[Date "2008.10.06"]
[Round "9"]
[White "Vujadinovic, Goran"]
[Black "Nikac, Predrag"]
[Result "0-1"]
[WhiteElo "2363"]
[BlackElo "2390"]
[PlyCount "60"]
[EventDate "2008.??.??"]
[Source "Perpetual Check"]

1. e4 c5 2. d3 g6 3. g3 Bg7 4. Bg2 Nc6 5. f4 e6 6. c3 Nge7 7. Nf3 d5 8. e5 Nf5
9. O-O h5 10. Re1 Rb8 11. Nbd2 b5 12. Nf1 Bb7 13. Ne3 Nce7 14. Nxf5 Nxf5 15. d4
Bf8 16. Qe2 Qb6 17. Qf2 b4 18. Bd2 a5 19. Rec1 Rc8 20. Be1 Be7 21. Qd2 Kf8 22.
Bf2 Kg7 23. Qe1 Ba6 24. h3 Bd3 25. g4 hxg4 26. hxg4 Nh6 27. Bh4 Bxh4 28. Qxh4
Ng8 29. Qf2 bxc3 30. dxc5 cxb2 0-1

[Event "Druga liga Srbije - Vojvodina 2008"]
[Site "Sombor"]
[Date "2008.10.06"]
[Round "9"]
[White "Kontic, Djordjije"]
[Black "Stanojevic, Branko"]
[Result "1/2-1/2"]
[WhiteElo "2380"]
[BlackElo "2275"]
[PlyCount "43"]
[EventDate "2008.??.??"]
[Source "Perpetual Check"]

1. e4 e6 2. d4 d5 3. e5 c5 4. c3 Nc6 5. Nf3 Qb6 6. a3 Nh6 7. b4 cxd4 8. cxd4
Nf5 9. Be3 Be7 10. Nc3 O-O 11. Bd3 Nxe3 12. fxe3 f6 13. exf6 Bxf6 14. O-O Bd7
15. Na4 Qd8 16. Qc2 g6 17. Bxg6 hxg6 18. Qxg6+ Kh8 19. Nc5 Qe7 20. Qh6+ Kg8 21.
Qg6+ Kh8 22. Qh6+ 1/2-1/2

[Event "Druga liga Srbije - Vojvodina 2008"]
[Site "Sombor"]
[Date "2008.10.06"]
[Round "9"]
[White "Kolognat, Petar"]
[Black "Pezelj, Novak"]
[Result "1/2-1/2"]
[WhiteElo "2292"]
[BlackElo "2325"]
[PlyCount "54"]
[EventDate "2008.??.??"]
[Source "Perpetual Check"]

1. e4 d6 2. d4 Nf6 3. Nc3 g6 4. Bg5 h6 5. Be3 Bg7 6. f3 Nbd7 7. Qd2 c6 8. O-O-O
Nb6 9. g4 Be6 10. Nh3 Nc4 11. Bxc4 Bxc4 12. Kb1 Qa5 13. b3 Ba6 14. Nf4 O-O-O
15. Na4 Qxd2 16. Rxd2 Nd7 17. Rhd1 b6 18. Nd3 c5 19. dxc5 dxc5 20. c4 Bb7 21.
Kc2 g5 22. Nc3 Bxc3 23. Kxc3 h5 24. Bxg5 f6 25. Bf4 hxg4 26. fxg4 e5 27. Bg3
Bxe4 1/2-1/2

[Event "Druga liga Srbije - Vojvodina 2008"]
[Site "Sombor"]
[Date "2008.10.06"]
[Round "9"]
[White "Mijatovic, Dejan"]
[Black "Levnajic, Pavle"]
[Result "1/2-1/2"]
[WhiteElo "2278"]
[BlackElo "2240"]
[PlyCount "23"]
[EventDate "2008.??.??"]
[Source "Perpetual Check"]

1. e4 e5 2. Nf3 Nc6 3. Bb5 a6 4. Ba4 Nf6 5. O-O Be7 6. Re1 b5 7. Bb3 O-O 8. c3
d6 9. h3 Na5 10. Bc2 c5 11. d4 Qc7 12. d5 1/2-1/2

[Event "Druga liga Srbije - Vojvodina 2008"]
[Site "Sombor"]
[Date "2008.10.06"]
[Round "9"]
[White "Sevo, Dusan"]
[Black "Bokan, Danko"]
[Result "1/2-1/2"]
[WhiteElo "2285"]
[BlackElo "2323"]
[PlyCount "21"]
[EventDate "2008.??.??"]
[Source "Perpetual Check"]

1. e4 c5 2. Nf3 Nc6 3. d3 g6 4. g3 Bg7 5. Bg2 e6 6. O-O d6 7. Re1 Nge7 8. c3
O-O 9. Bh3 Rb8 10. d4 cxd4 11. cxd4 1/2-1/2